banner koha

Relationships between four neotropical species of Galling insects and shoot vigor (Registro n. 161811)

MARC details
000 -LÍDER
campo de controle de tamanho fixo 00820nas a2200277 4500
001 - NÚMERO DE CONTROLE
campo de controle BR9902816
003 - IDENTIFICADOR DO NÚMERO DE CONTROLE
campo de controle BR-BrBNA
005 - DATA E HORÁRIO DA ÚLTIMA TRANSAÇÃO
campo de controle 20231205101430.0
007 - CAMPO FIXO DE DESCRIÇÃO FÍSICA--INFORMAÇÃO GERAL
campo de controle de tamanho fixo ta
008 - CAMPO DE DADOS FIXOS--INFORMAÇÃO GERAL
campo de controle de tamanho fixo 230509b bl.|||p| |||| 00| 00por d
040 ## - FONTE DA CATALOGAÇÃO
Instituição da catalogação original BR-BrBNA
Idioma da catalogação por
Instituição que transcreveu o registro Biblioteca Nacional de Agricultura
041 ## - CÓDIGO DE IDIOMA
Código do idioma do texto/trilha sonora ou título diferente (En)
072 ## - CÓDIGO DE CATEGORIA DE ASSUNTO
Código de Categoria de Assunto H10
100 1# - ENTRADA PRINCIPAL--NOME PESSOAL
Nome pessoal Goncalves-Alvim, S.J.
100 1# - ENTRADA PRINCIPAL--NOME PESSOAL
Nome pessoal Faria, M.L.
100 1# - ENTRADA PRINCIPAL--NOME PESSOAL
Nome pessoal Fernandes, G.W.
245 1# - TÍTULO
Título Relationships between four neotropical species of Galling insects and shoot vigor
650 ## - ASSUNTO--TERMO TÓPICO
Cabeçalho tópico ou nome geográfico Diptera
650 ## - ASSUNTO--TERMO TÓPICO
Cabeçalho tópico ou nome geográfico Homoptero
650 ## - ASSUNTO--TERMO TÓPICO
Cabeçalho tópico ou nome geográfico Compositae
650 ## - ASSUNTO--TERMO TÓPICO
Cabeçalho tópico ou nome geográfico Galha
650 ## - ASSUNTO--TERMO TÓPICO
Cabeçalho tópico ou nome geográfico Ramo
773 0# - ENTRADA ANALÍTICA
Título Anais da Sociedade Entomologica do Brasil (Brazil)
ISSN - International Standard Serial Number ISSN 0301-8059
Partes relacionadas (Mar 1999), v. 28(1) p. 147-155
Número de controle do registro BR9902816
909 ## -
-- 202311
-- Lúcia
-- 55
-- Lúcia Elande
942 ## - ELEMENTOS DE ENTRADA ADICIONADOS (KOHA)
Fonte da classificação ou esquema de arquivamento na estante Classificação AGRIS
Ocultar no OPAC Não
Tipo de material Koha Analítica
Exemplares
Situação do descarte Fonte da classificação ou esquema de arquivamento na estante Situação física Não pode ser emprestado Biblioteca de origem Biblioteca atual Localização na estante Enumeração do periódico / cronologia Total de empréstimos Data de último acesso Número do exemplar Tipo de material Koha Fonte de aquisição
  Classificação AGRIS   Consulta local Biblioteca Nacional de Agricultura - Binagri Biblioteca Nacional de Agricultura - Binagri   (Mar 1999), v. 28(1) p. 147-155   29/11/2023 01 Periódicos Portaria Interministerial nº 164/94

BINAGRI

Telefone: (61)3218-2567/2388/3357/2097 - binagri@agro.gov.br

Ministério da Agricultura e Pecuária , Esplanada dos Ministérios, Bloco D, Anexo B, Brasília/DF, CEP: 70.043-900